| 000 | 01356 a2200229 4500 | ||
|---|---|---|---|
| 003 | Nust | ||
| 005 | 20230901100755.0 | ||
| 010 | _a 90036726 | ||
| 040 | _cNust | ||
| 082 | 0 | 0 | _a621.36,SMI |
| 100 | 1 |
_aSmith, Warren J. _962305 |
|
| 245 | 1 | 0 |
_aModern optical engineering : (Include CD) _bthe design of optical systems / _cWarren J. Smith. |
| 250 | _a3rd ed. | ||
| 260 |
_aNew York : _bMcGraw-Hill, _cc1990. |
||
| 300 |
_axiii, 524 p. : _bill. ; _c24 cm. |
||
| 505 | _aGeneral Principles (Page-1), Image Formation (Page-21), Aberrations (Page-61), Prisms And Mirrors (Page- 91), The Eye (Page-125), Stops And Apertures (Page-141), Optical Materials And Interfaces Coatings (Page- 173), Radiometry And Photometry (Page-219), Basic Optical Devices (Page-251), Optical Computation (Page-301), Image Evaluation (Page-347), The Design Of Optical Systems: General (Page-393), The Design Of Optical Systems: Particular (Page 439), Some Forty Four More Lens Designs (Page-503). | ||
| 650 | 0 | _aTelecommunication Engineering. | |
| 856 | 4 | 2 |
_3Contributor biographical information _uhttp://www.loc.gov/catdir/enhancements/fy0602/90036726-b.html |
| 856 | 4 | 2 |
_3Publisher description _uhttp://www.loc.gov/catdir/enhancements/fy0602/90036726-d.html |
| 856 | 4 | 2 |
_3Table of contents only _uhttp://www.loc.gov/catdir/enhancements/fy0602/90036726-t.html |
| 942 |
_cREF _2ddc |
||
| 999 |
_c176001 _d176001 |
||